NASCAR O'Reilly Auto Parts Series Drivers With 10+ Wins in a Season - Statistics

General Stats
  • This quiz has been taken 13 times
  • The average score is 5 of 6
Answer Stats
Season Wins Answer % Correct
2010 13 Kyle Busch
100%
2013 12 Kyle Busch
100%
2016 10 Kyle Busch
100%
2008 10 Kyle Busch
100%
2025 10 Connor Zilisch
90%
1983 10 Sam Ard
50%
No matching quizzes found
Score Distribution
Percent of People with Each Score
Percentile by Number Answered
Your Score History
You have not taken this quiz